LEADER 00893nam a2200229 i 4500 001 000000145361 003 CaOOAMICUS 005 20051125000000.0 008 051125s1986 it u000 u ita u 013 $a120753 040 $aSeMil$bita 100 1 $aDostoevskij, Fëdor Michajlovi?,$d<1821-1881>.$0(OLS)http://semarc/name/1325 245 10$a3. 300 $a381 p. 490 0 $aOscar saggi ;$v109 700 1 $aPacini, Gianlorenzo,$d<1930-2021>.$0(OLS)http://semarc/name/6931 773 0 $aDostoevskij, Fëdor Michajlovi? <1821-1881>$tSaggi critici.$dMilano : Arnoldo Mondadori Editore, copyr. 1986.$kOscar saggi$w()14804 830 0$aOscar saggi ;$v109.$0(OLS)http://semarc/title/10282 850 $aSeMil 852 $aSeMil$W1$xVenegono$y1$m1V IV 27$j98154$B98154$CSeMilBibl$Z2$F106097 $81 961 $aOmaggio: Ciprandi dott. Paolo 996 $6245$a3$9(OLS)http://semarc/title/47129 LEADER 00492nab a2200133 i 4500 001 000000327766 003 CaOOAMICUS 005 20180831173548.0 008 180831n it uu u0 0ita r 013 $a39357 040 $aSeMil$bita 245 12$aI tuoi quindici anni. Le lettere di Marcellina. - In [rubrica] :$bAssociazione. 773 0 $t[DICEMBRE 1997]. - 32 p.$gp.21$w()290624 996 $6245$aI tuoi quindici anni. Le lettere di Marcellina. - In [rubrica] :$bAssociazione.$9(OLS)http://semarc/title/416378 LEADER 01249nam a2200289 i 4500 001 000000081653 003 CaOOAMICUS 005 20180619000000.0 008 180619s2009 it u000 u ita u 013 $a53893 020 $a978-88-315-3628-8 040 $aSeMil$bita 100 1 $aCencini, Amedeo.$0(OLS)http://semarc/name/230 245 10$aMi fido... Dunque decido :$beducare alla fiducia nelle scelte vocazionali /$cAmedeo Cencini. 260 $aMilano :$bPaoline,$c2009. 300 $a120 p. ;$c21 cm. 490 0 $aI quaderni di Padre Cencini 650 4$aFiducia.$0(OLS)http://semarc/subject/22292 650 4$aVocazione - Pastorale.$0(OLS)http://semarc/subject/17348 650 4$aVocazione - Pedagogia.$0(OLS)http://semarc/subject/14813 830 2$aI quaderni di Padre Cencini.$0(OLS)http://semarc/title/37420 850 $aSeMil 852 $aSeMil$W1$xVenegono$y1$m2O II 507$j46858$B46858$CSeMilBibl$Z2$F49252 $81 961 $aOmaggio: Perego don Stefano 996 $6020$a978-88-315-3628-8$9(OLS)http://semarc/number/271149 996 $6245$aMi fido... Dunque decido :$beducare alla fiducia nelle scelte vocazionali$9(OLS)http://semarc/title/404670 996 $6260$aMilano :$bPaoline$9(OLS)http://semarc/publisher/29684 LEADER 01026nab a2200169 i 4500 001 000000283993 003 CaOOAMICUS 005 20180831165247.0 008 180831n xx uu u0 0und r 013 $a37211 040 $aSeMil$bita 100 1 $aPezzotta, Savino.$0(OLS)http://semarc/name/50176 245 13$aLe fonti della catechesi ; La forza dell'ideologia e la debolezza della fede ; Alle soglie della bellezza (At 3,1-2) ; Il fondamento cristologico della meditazione ; Intervista a Savino Pezzotta ; Dossier :$bMeditare : un ... - Titoli dalla copertina. 500 $aFebbraio 2010. 650 4$aBibbia - NT - Atti degli Apostoli - 3,1-2.$0(OLS)http://semarc/subject/43096 773 0 $t2009-2010.$dBologna : EDB, 2010.$w()238676 996 $6245$aLe fonti della catechesi ; La forza dell'ideologia e la debolezza della fede ; Alle soglie della bellezza (At 3,1-2) ; Il fondamento cristologico della meditazione ; Intervista a Savino Pezzotta ; Dossier :$bMeditare : un ... - Titoli dalla copertina$9(OLS)http://semarc/title/365366 LEADER 00801naa a2200169 i 4500 001 000000307403 003 CaOOAMICUS 005 20180831172915.0 008 180831n xx u000 u spa u 013 $a16110 040 $aSeMil$bita 100 1 $aForte, Bruno,$c.$0(OLS)http://semarc/name/3366 245 10$aLibertad y correspondencia. Alfonso y la conciencia moral. 650 4$aLiguori, Alfonso Maria : de' - Teologia morale.$0(OLS)http://semarc/subject/1929 650 4$aTeologia morale.$0(OLS)http://semarc/subject/91 773 0 $tDar razón de la esperanza.$dPamplona : Universidad de Navarra, 2004.$kBiblioteca de teología$z84-8081-014-9$gp.557-574$w()110239 996 $6245$aLibertad y correspondencia. Alfonso y la conciencia moral.$9(OLS)http://semarc/title/382770